000 00319 a2200109 4500
001 ART_41123
005 20260410161628.0
008 260409a
245 1 0 _aReformas incorporadas a la ley general de sociedades
100 1 _aBarreiro, Rafael F.
773 0 _tEnfoques
_g- NÂș 12 (dic. 2016)
_wREV416
999 _c12224
_d12224